书目信息 |
| 题名: |
输电线路用复合绝缘子运行技术及实例分析
|
|
| 作者: | 阎东 , 卢明 , 张珂 编著 | |
| 分册: | ||
| 出版信息: | 北京 中国电力出版社 2008.05 |
|
| 页数: | 265页 | |
| 开本: | 23cm | |
| 丛书名: | ||
| 单 册: | ||
| 中图分类: | TM216 | |
| 科图分类: | ||
| 主题词: | 复合绝缘材料--fu he jue yuan cai liao--绝缘子 | |
| 电子资源: | ||
| ISBN: | 978-7-5083-6919-8 | |
| 000 | 01066nam0 2200277 450 | |
| 001 | 012008134526 | |
| 005 | 20080803192857.21 | |
| 010 | @a978-7-5083-6919-8@dCNY32.00 | |
| 100 | @a20080803d2008 em y0chiy0120 ea | |
| 101 | 0 | @achi |
| 102 | @aCN@b110000 | |
| 105 | @aak a 000yy | |
| 106 | @ar | |
| 200 | 1 | @a输电线路用复合绝缘子运行技术及实例分析@Ashu dian xian lu yong fu he jue yuan zi yun xing ji shu ji shi li fen xi@f阎东 ... [等] 编著@Fyan dong...[deng]bian zhu |
| 210 | @a北京@c中国电力出版社@d2008.05 | |
| 215 | @a265页@c图@d23cm | |
| 304 | @a题名页题: 阎东, 卢明, 张珂, 吕中宾编著 | |
| 320 | @a有书目 (第262-265页) | |
| 330 | @a本书共六章,从复合绝缘子的结构、材料、设计、生产、运行、试验等八个方面,对复合绝缘子憎水性、防舞动相间间隔棒技术、运行评价、现场故障实例分析等进行重点论述。 | |
| 606 | 0 | @a复合绝缘材料@Afu he jue yuan cai liao@x绝缘子 |
| 690 | @aTM216@v4 | |
| 701 | 0 | @a阎东@Ayan dong@4编著 |
| 701 | 0 | @a卢明@Alu ming@4编著 |
| 701 | 0 | @a张珂@Azhang ke@4编著 |
| 801 | 0 | @aCN@bQSSK@c20080803 |
| 905 | @b731626-27@dTM216@eY085@f2 | |
| 输电线路用复合绝缘子运行技术及实例分析/阎东 ... [等] 编著.-北京:中国电力出版社,2008.05 |
| 265页:图;23cm |
| ISBN 978-7-5083-6919-8:CNY32.00 |
| 本书共六章,从复合绝缘子的结构、材料、设计、生产、运行、试验等八个方面,对复合绝缘子憎水性、防舞动相间间隔棒技术、运行评价、现场故障实例分析等进行重点论述。 |
| ● |
| 相关链接 |
|
|
|
正题名:输电线路用复合绝缘子运行技术及实例分析
索取号:TM216/Y085
 
预约/预借
| 序号 | 登录号 | 条形码 | 馆藏地/架位号 | 状态 | 备注 |
| 1 | 731626 | 207316260 | 自科库301/301自科库 10排1列1层/ [索取号:TM216/Y085] | 在馆 | |
| 2 | 731627 | 207316279 | 自科库301/301自科库 10排1列1层/ [索取号:TM216/Y085] | 在馆 |